Chicago / (Record no. 317)

MARC details
000 -LEADER
fixed length control field 01396cam a2200349 a 4500
005 - DATE AND TIME OF LATEST TRANSACTION
control field 20260322212015.0
008 - FIXED-LENGTH DATA ELEMENTS--GENERAL INFORMATION
fixed length control field data
010 ## - LIBRARY OF CONGRESS CONTROL NUMBER
LC control number 2006034468
020 ## - INTERNATIONAL STANDARD BOOK NUMBER
International Standard Book Number 9781402732997
020 ## - INTERNATIONAL STANDARD BOOK NUMBER
International Standard Book Number 1402732996
040 ## - CATALOGING SOURCE
Original cataloging agency DLC
Transcribing agency DLC
Modifying agency DLC
-- BTCTA
-- BAKER
-- JED
-- DLC
043 ## - GEOGRAPHIC AREA CODE
Geographic area code n-us-il
050 00 - LIBRARY OF CONGRESS CALL NUMBER
Classification number F548.3
Item number .F88 2007
082 00 - DEWEY DECIMAL CLASSIFICATION NUMBER
Classification number 977.3/11
Edition information 22
092 ## - LOCALLY ASSIGNED DEWEY CALL NUMBER (OCLC)
Classification number 977.3 F88 2007
001 - CONTROL NUMBER
control field data
100 1# - MAIN ENTRY--PERSONAL NAME
Personal name Furse, Ray.
245 10 - TITLE STATEMENT
Title Chicago /
Statement of responsibility, etc. Ray Furse.
260 ## - PUBLICATION, DISTRIBUTION, ETC.
Place of publication, distribution, etc. New York :
Name of publisher, distributor, etc. Sterling,
Date of publication, distribution, etc. c2007.
300 ## - PHYSICAL DESCRIPTION
Extent 144 p. :
Other physical details ill. (some col.), col. maps ;
Dimensions 24 x 29 cm.
440 #0 - SERIES STATEMENT/ADDED ENTRY--TITLE
Title City in time
504 ## - BIBLIOGRAPHY, ETC. NOTE
Bibliography, etc. note Includes bibliographical references (p. 142) and index.
650 #0 - SUBJECT ADDED ENTRY--TOPICAL TERM
Topical term or geographic name entry element Historic buildings
Geographic subdivision Chicago.
-- Chicago.
651 #0 - SUBJECT ADDED ENTRY--GEOGRAPHIC NAME
Geographic name Chicago (Ill.)
General subdivision History.
651 #0 - SUBJECT ADDED ENTRY--GEOGRAPHIC NAME
Geographic name Chicago (Ill.)
General subdivision Geography.
651 #0 - SUBJECT ADDED ENTRY--GEOGRAPHIC NAME
Geographic name Chicago (Ill.)
Form subdivision Pictorial works.
651 #0 - SUBJECT ADDED ENTRY--GEOGRAPHIC NAME
Geographic name Chicago (Ill.)
General subdivision Buildings, structures, etc.
856 42 - ELECTRONIC LOCATION AND ACCESS
Materials specified Publisher description
Uniform Resource Identifier <a href="http://www.loc.gov/catdir/enhancements/fy0709/2006034468-d.html">http://www.loc.gov/catdir/enhancements/fy0709/2006034468-d.html</a>
906 ## - LOCAL DATA ELEMENT F, LDF (RLIN)
a 7
b cbc
c orignew
d 1
e ecip
f 20
g y-gencatlg
925 0# -
-- acquire
-- 2 shelf copies
-- policy default
955 ## - COPY-LEVEL INFORMATION (RLIN)
-- lk29 2006-10-18 telework
-- lk18 2006-10-19 ; to Dewey 2006-10-19
-- lk13 2007-11-28 Z-CipVer
-- lk13 2007-11-28 to BCCD
Holdings
Withdrawn status Lost status Damaged status Not for loan Home library Current library Shelving location Date acquired Total checkouts Full call number Barcode Date last seen Price effective from Koha item type
        Centerville Centerville General stacks 22/03/2026   977.3/11 22 BC0010326 22/03/2026 22/03/2026 Books